000 01333nam1a22002771i 4500
001 rc\2238452
005 20260407082144.0
035 _a(NLR Aleph) 006710728
090 _a5339987
_c5339987
100 _a20110829g1979 |||y0rusy50 ca
101 0 _arus
102 _aRU
105 _a z |||||
200 1 _aЭкономические стимулы научно-технического прогресса
_eМатериалы всесоюз. науч. конф.
_f[Редкол.: Метса Х.А. (пред.) и др.]
210 _aТарту
_cТГУ
_d1979-
215 _d20
300 _aВ надзаг.: Тарт. гос. ун-т, Моск. ин-т упр. им. С. Орджоникидзе, АН СССР, Науч. совет по комплекс. пробл. "Науч. основы хозрасчета", Ин-т экономики АН ЭССР
606 _aТехнический прогресс в СССР
_xЭкономическое стимулирование
_2psbo
702 1 _aМетса
_bХ.А.
_gХерберт Адальбертович
_4340
712 0 2 _aТартуский университет
_3RU\NLR\AUTH\887988
_9288254
801 0 _aRU
_bNLR
_gpsbo
801 1 _aRU
_bELAR
_2rusmarc
852 _aNLR
_j79-3/6239
899 _aRuMoRGB
_jB 79-8/309
899 _aRuMoRGB
_jB 79-8/311
942 _cBOOK